000 00550cam a2200205ua 4500
001 11837
005 20260515114815.0
008 191111n ii |||gr||||Z||||||eng
020 _a9789351280439
040 _cMAIN
082 _a305.800954
100 _aSukanta Sarkar,
_eAuthor.
245 _aAutonomous district council and tribal welfare
_cBy Sukanta sarkar
250 _a1st ed.
260 _aDelhi:
_bKalpaz publications,
_c2014.
300 _a320p.
653 _aSocial groups
700 _aSuman Kalyan Chaudhury,
_eAuthor.
942 _cBK
999 _c10619
_d10619